| LEADER |
01117nam0a2200229 450 |
| 001 |
16832823 |
| 010 |
|
|
|a 978-2-302-01787-0
|b Br.
|d 10,5
|
| 100 |
|
|
|a 20131230d2026 u u0frey01 ba
|
| 101 |
0 |
|
|a fre
|
| 102 |
|
|
|a FR
|
| 200 |
0 |
|
|a princesse déchue (La)
|f Audrey Alwett, Nora Moretti
|
| 207 |
|
1 |
|a
|
| 210 |
|
|
|a Toulon
|c Soleil
|d DL 2011
|
| 215 |
|
|
|a 1 vol. (46 p.)
|c ill. en coul.
|d 30 cm
|
| 225 |
1 |
|
|a Blackberry
|v 2
|
| 330 |
|
|
|a Suite des aventures de Sara dans le Londres du XIXe siècle où, devenue servante elle endure les tourments que lui infligent la directrice et certaines élèves avec humilité et courage, soutenue en cela par ses amis au sein de l'institution mais aussi des rues. Ne renonçant jamais à ses valeurs ni à ses qualités, Sara sera récompensée par un nouveau et cette fois-ci heureux tour du destin...
|
| 461 |
|
0 |
|t Princesse Sara
|v 2
|
| 700 |
|
0 |
|a Alwett
|b Audrey
|f 1982-....
|4 70
|
| 701 |
|
0 |
|a Moretti
|b Nora
|f 1980-....
|4 440
|
| 900 |
|
|
|a Bande Dessinée (enfants)
|
| 901 |
|
|
|a Jeunesse
|
| 995 |
|
|
|a Médiathèque
|c Médiathèque
|f 089013069
|h 089013069
|k BD PRI T.2
|o p
|q j
|r az
|e Médiathèque
|